Errate den Song am Songtext #12 - Statistiken

Allgemein
  • Dieses Quiz wurde 528 mal gespielt
  • Das Durchschnittsergebnis liegt bei 133 aus 369
Antwortstatistiken
Antwort % Korrekt
I
100%
a
94%
you
93%
the
84%
love
80%
we
77%
me
76%
an
74%
to
67%
my
65%
she
65%
it
64%
It
64%
on
63%
And
61%
and
61%
am
60%
in
55%
In
55%
So
53%
that
52%
That
52%
Where
51%
her
49%
was
49%
for
48%
have
48%
of
48%
Of
48%
Then
48%
Like
40%
like
40%
not
40%
this
38%
by
35%
know
32%
never
32%
too
32%
Had
31%
there
31%
There
31%
with
30%
all
29%
But
29%
youre
28%
Youre
28%
Im
27%
at
26%
At
26%
feel
25%
got
25%
If
24%
its
23%
Yes
23%
our
22%
been
21%
Oh
20%
think
20%
out
18%
Come
17%
mean
16%
said
16%
long
14%
read
13%
though
13%
rain
12%
song
12%
together
12%
into
11%
old
11%
about
10%
bad
10%
didnt
10%
Ive
10%
knew
10%
moment
10%
while
10%
meet
9%
much
9%
thought
9%
tired
9%
bed
8%
high
8%
looked
8%
youve
8%
own
7%
smile
7%
well
7%
brain
6%
face
6%
fallen
6%
lady
6%
lay
6%
makin
6%
midnight
6%
pina
6%
place
6%
red
6%
same
6%
through
6%
Took
6%
wasnt
6%
Write
6%
bar
5%
caught
5%
gettin
5%
letter
5%
ocean
5%
paper
5%
plan
5%
waited
5%
walked
5%
coladas
4%
cut
4%
escape
4%
half
4%
noon
4%
tomorrow
4%
Wed
4%
yoga
4%
ad
3%
champagne
3%
favorite
3%
food
3%
hopes
3%
kinda
3%
poet
3%
recording
3%
sleepin
3%
sounds
3%
taste
3%
worn
3%
wrote
3%
called
2%
columns
2%
dull
2%
dunes
2%
health
2%
instant
2%
laughed
2%
lovely
2%
making
2%
nobodys
2%
personal
2%
routine
2%
tape
2%
cape
1%
curve
1%
OMalleys
1%
Keine übereinstimmenden Quizze gefunden
Verteilung der Resultate
Anzahl Personen mit jedem Resultat
Perzentil nach korrekt beantworteten Fragen
Ihre Resultats-Entwicklung
Sie haben dieses Quiz noch nicht gespielt